000 00487nam a2200205Ia 4500
005 20251020182525.0
008 200515s9999 xx 000 0 und d
082 _a691.328PT/P32/1974
245 0 _aHormigón pretensado
250 _a12 ed.
260 _aBarcelona
260 _c1974
300 _aMonografías sobre construcción y arquitectura
500 _a1 ejemplar
650 _aCONCRETO
650 _aCONSTRUCCION
650 _aHORMIGON
650 _aLIB
942 _cLIB
999 _c1866
_d1866